|
|
|
|
| LEADER |
00000cam a2200000 7i4500 |
| 001 |
0000061313 |
| 005 |
20091221093000.0 |
| 008 |
090319s2009 ua ara |
| 020 |
|
|
|a 9789776274785
|
| 050 |
0 |
0 |
|a BP173.6
|b .K429 2009
|
| 090 |
0 |
0 |
|a BP173.6
|b .K429 2009
|
| 100 |
1 |
|
|a خياط, عبد العزيز ,
|e author
|
| 245 |
1 |
0 |
|a نظام الحكم في الاسلام
|c عبد العزيز الخياط
|
| 260 |
|
|
|a Qahirah :
|b al-Sharikah al-Arabiyah al-Muttahidah lil-Taswiq wa-al-Tawaridat ,
|c 2009
|
| 300 |
|
|
|a 268 p. ;
|c 25 cm.
|
| 504 |
|
|
|a Includes bibliographical references (p. 267-268)
|
| 505 |
0 |
|
|a المفاهيم والقواعد السياسية لنظام الحكم -- الأمة والدولة في الاسلام -- السلطة التنفيذية -- السلطة التشريعية -- السلطة القضائية
|
| 650 |
|
0 |
|a Administrative law (Islamic law)
|
| 650 |
|
0 |
|a Constitutional law (Islamic law)
|
| 650 |
|
0 |
|a Islam and state
|
| 740 |
0 |
2 |
|a Nizam al-hukm fi al-Islam
|
| 999 |
|
|
|a 1000125006
|b Book
|c OPEN SHELF (30 DAYS)
|e Gong Badak Campus
|